3rd Hellenic School on elementary particle physics, Corfu, Greece, 15-30 September 1989 /

Bibliographic Details
Corporate Author: Hellenic School on Elementary Particle Physics
Other Authors: Zoupanos, G., Tracas, N. D., Argyres, E. N.
Format: Conference Proceeding Book
Language:English
Published: Singapore ; Teaneck, N.J. : World Scientific, 1990.
Subjects:

MARC

Tag First Indicator Second Indicator Subfields
LEADER 00000cam a22000008a 4500
001 in00001002467
005 20150927190641.0
008 900928s1990 si 10000 eng
010 |a  90015571  
020 |a 9810203551 
035 |a (OCoLC)22543247 
035 |9 AEZ9935AM 
040 |a DLC  |c DLC  |d TXA  |d UtOrBLW 
049 |a TXAM 
050 0 0 |a QC793  |b .A16 1990 
082 0 0 |a 539.7/2  |2 20 
245 0 0 |a 3rd Hellenic School on elementary particle physics, Corfu, Greece, 15-30 September 1989 /  |c editors, E.N. Argyres, N.D. Tracas & G. Zoupanos. 
263 |a 9011 
264 1 |a Singapore ;  |a Teaneck, N.J. :  |b World Scientific,  |c 1990. 
300 |a ix, 790 pages :  |b illustrations  
336 |a text  |b txt  |2 rdacontent 
337 |a unmediated  |b n  |2 rdamedia 
338 |a volume  |b nc  |2 rdacarrier 
500 |a Proceedings based on Hellenic School on Elementary Particle Physics, held in Corfu, 13-30 September 1989. 
504 |a Includes bibliographical references. 
650 0 |a Particles (Nuclear physics)  |v Congresses. 
700 1 |a Zoupanos, G. 
700 1 |a Tracas, N. D. 
700 1 |a Argyres, E. N. 
711 2 |a Hellenic School on Elementary Particle Physics  |n (3rd :  |d 1989 :  |c Corfu, Island, Greece) 
740 0 |a Third Hellenic School on elementary particle physics, Corfu, Greece, 15-30 September 1989. 
999 |a MARS 
999 f f |s abe6aa65-0da4-33e8-8df4-46f75dd8df64  |i 086108c2-1c49-3349-9f7d-25b527369998  |t 0 
952 f f |p ric  |a Texas A&M University  |b Rellis Campus  |c Joint Library Facility  |d Remote Storage  |t 0  |e QC793 .A16 1990  |h Library of Congress classification  |i unmediated -- volume  |m A14814689936 
998 f f |a QC793 .A16 1990  |t 0  |l Remote Storage